The informal sector revisited. (Record no. 26693)
[ view plain ]
| 000 -LEADER | |
|---|---|
| fixed length control field | 00639cam5a220018100 4500 |
| 001 - CONTROL NUMBER | |
| control field | zam00008195 |
| 008 - FIXED-LENGTH DATA ELEMENTS--GENERAL INFORMATION | |
| fixed length control field | 970717n xx eng u |
| 035 ## - SYSTEM CONTROL NUMBER | |
| System control number | (Sirsi) r138195 |
| 040 ## - CATALOGING SOURCE | |
| Modifying agency | UPRA |
| 100 ## - MAIN ENTRY--PERSONAL NAME | |
| Personal name | Truman, David. |
| Linkage | A109801.1 |
| 245 14 - TITLE STATEMENT | |
| Title | The informal sector revisited. |
| 260 ## - PUBLICATION, DISTRIBUTION, ETC. | |
| Place of publication, distribution, etc. | Paris : |
| Name of publisher, distributor, etc. | OECD, |
| Date of publication, distribution, etc. | 1990. |
| 520 ## - SUMMARY, ETC. | |
| Summary, etc. | This volume of papers follows the recent publication of the proceedings of an earlier seminar on urban employment. |
| 650 #4 - SUBJECT ADDED ENTRY--TOPICAL TERM | |
| Topical term or geographic name entry element | Informal Sector. |
| Linkage | S75137.1 |
| 650 #4 - SUBJECT ADDED ENTRY--TOPICAL TERM | |
| Topical term or geographic name entry element | Employment -- Rural Commuicaties. |
| General subdivision | Employment -- Rural Commuicaties. |
| Linkage | S83690.1 |
| 949 10 - LOCAL PROCESSING INFORMATION (OCLC) | |
| m | INESOR |
| t | BOOK |
| l | ON-SHELF |
No items available.